000 00855nam0a22002531 4500
001 rc\4650802
005 20130416202242.2
021 _aRU
_b[64-63759]
035 _a(NLR Aleph) 008691338
090 _a9240756
_c9240756
100 _a20130416d1964 |||y0rusy50 ca
101 0 _arus
102 _aRU
105 _ay z |||||
200 1 _aНалоги в системе государственно-монополистического капитализма
_fМоск. фин. ин-т
210 _aМосква
_cФинансы
_d1964
215 _a270 с.
_d20
606 _aНалоговая политика капиталистических стран
_2psbo
700 1 _aСолюс
_bГ. П.
_gГеоргий Павлович
801 0 _aRU
_bNLR
_gpsbo
801 1 _aRU
_bELAR
_2rusmarc
852 _aNLR
_j64-3/4998
942 _cBOOK
980 _aNB